Diccionario de psicología / (Registro nro. 178)

Detalles MARC
000 -LEADER
campo de control de longitud fija 03274cam a22006254i 4500
001 - NÚMERO DE CONTROL
campo de control u10159
003 - IDENTIFICADOR DE NÚMERO DE CONTROL
campo de control PE-LiUPU
005 - FECHA Y HORA DE LA ÚLTIMA TRANSACCIÓN
campo de control 20250731165351.0
008 - DATOS DE LONGITUD FIJA--INFORMACIÓN GENERAL
campo de control de longitud fija 150706s2010 co rb 000 0 spa d
020 ## - NÚMERO INTERNACIONAL ESTÁNDAR DEL LIBRO
Número Internacional Estándar del Libro 9586486508
020 ## - NÚMERO INTERNACIONAL ESTÁNDAR DEL LIBRO
Número Internacional Estándar del Libro 9789586486507
035 ## - NÚMERO DE CONTROL DEL SISTEMA
Número de control de sistema (Sirsi) i9789586486507
040 ## - FUENTE DE CATALOGACIÓN
Centro catalogador/agencia de origen PE-LiUPU
Lengua de catalogación spa
Centro/agencia transcriptor PE-LiUPU
Centro/agencia modificador PE-LiUPU
Normas de descripción rda
049 ## - FONDOS LOCALES (OCLC)
Biblioteca depositaria PRUA
082 04 - NÚMERO DE LA CLASIFICACIÓN DECIMAL DEWEY
Número de clasificación 150.3
Cutter C73
Número de edición 21
100 1# - ENTRADA PRINCIPAL--NOMBRE DE PERSONA
Nombre de persona Consuegra Anaya, Natalia,
Término indicativo de función/relación autor.
245 10 - MENCIÓN DEL TÍTULO
Título Diccionario de psicología /
Mención de responsabilidad, etc. Natalia Consuegra Anaya.
250 ## - MENCION DE EDICION
Mención de edición Segunda edición.
264 #1 - PRODUCCIÓN, PUBLICACIÓN, DISTRIBUCIÓN, FABRICACIÓN Y COPYRIGHT
Producción, publicación, distribución, fabricación y copyright Bogotá :
Nombre del de productor, editor, distribuidor, fabricante Ecoe Ediciones,
Fecha de producción, publicación, distribución, fabricación o copyright 2010.
300 ## - DESCRIPCIÓN FÍSICA
Extensión 364 páginas ;
Dimensiones 24 centímetros
336 ## - TIPO DE CONTENIDO
Término de tipo de contenido text
Fuente rdacontent
337 ## - TIPO DE MEDIO
Nombre/término del tipo de medio unmediated
Fuente rdamedia
338 ## - TIPO DE SOPORTE
Nombre/término del tipo de soporte volume
Fuente rdacarrier
504 ## - NOTA DE BIBLIOGRAFÍA, ETC.
Nota de bibliografía, etc. Bibliografía : páginas 361-364.
505 0# - NOTA DE CONTENIDO CON FORMATO
Nota de contenido con formato Terminos psicológicos de la A - Z.
526 ## - NOTA DE INFORMACIÓN SOBRE EL PROGRAMA DE ESTUDIO
Nombre del programa Segunda Especialidad En Estadística Aplicada Para Investigación (A Distancia)
526 ## - NOTA DE INFORMACIÓN SOBRE EL PROGRAMA DE ESTUDIO
Nombre del programa Segunda Especialidad En Estadística Aplicada Para Investigación
526 ## - NOTA DE INFORMACIÓN SOBRE EL PROGRAMA DE ESTUDIO
Nombre del programa Ingeniería De Ciberseguridad
526 ## - NOTA DE INFORMACIÓN SOBRE EL PROGRAMA DE ESTUDIO
Nombre del programa Ingeniería De Ciencia De Datos E Inteligencia Artificial
526 ## - NOTA DE INFORMACIÓN SOBRE EL PROGRAMA DE ESTUDIO
Nombre del programa Ingeniería De Software
526 ## - NOTA DE INFORMACIÓN SOBRE EL PROGRAMA DE ESTUDIO
Nombre del programa
526 ## - NOTA DE INFORMACIÓN SOBRE EL PROGRAMA DE ESTUDIO
Nombre del programa Comunicación Y Periodismo
526 ## - NOTA DE INFORMACIÓN SOBRE EL PROGRAMA DE ESTUDIO
Nombre del programa Maestría En Ingeniería De Sistemas Con Mención En Dirección Y Gestión De Tecnologías De Información (Semipresencial)
526 ## - NOTA DE INFORMACIÓN SOBRE EL PROGRAMA DE ESTUDIO
Nombre del programa Maestría En Ingeniería De Sistemas Con Mención En Dirección Y Gestión De Tecnologías De Información (A Distancia)
526 ## - NOTA DE INFORMACIÓN SOBRE EL PROGRAMA DE ESTUDIO
Nombre del programa Doctorado en ingeniería de sistemas
526 ## - NOTA DE INFORMACIÓN SOBRE EL PROGRAMA DE ESTUDIO
Nombre del programa Maestría en ingeniería de sistemas con mención en Ingeniería de software
526 ## - NOTA DE INFORMACIÓN SOBRE EL PROGRAMA DE ESTUDIO
Nombre del programa Maestría en ingeniería de sistemas con mención en Dirección y gestión de tecnologías de información
526 ## - NOTA DE INFORMACIÓN SOBRE EL PROGRAMA DE ESTUDIO
Nombre del programa Ingeniería de sistemas
526 ## - NOTA DE INFORMACIÓN SOBRE EL PROGRAMA DE ESTUDIO
Nombre del programa Educación secundaria, especialidad matemática e informática
541 ## - NOTA DE FUENTE DE ADQUISICIÓN DIRECTA
-- 001-003364;
541 ## - NOTA DE FUENTE DE ADQUISICIÓN DIRECTA
-- 001-0041266;
596 ## -
-- 1 2
650 04 - PUNTO DE ACCESO ADICIONAL DE MATERIA--TÉRMINO DE MATERIA
Término de materia o nombre geográfico como elemento de entrada Psicología
Subdivisión general Diccionarios.
910 ## - DATOS DE OPCIÓN DEL USUARIO (OCLC)
Datos de opción del usuario gl20110905
942 ## - ELEMENTOS DE ENTRADA SECUNDARIOS (KOHA)
Fuente del sistema de clasificación o colocación Clasificación Decimal Dewey
Tipo de ítem Koha
949 ## - PROCESAMIENTO DE INFORMACIÓN LOCAL (OCLC)
a 150 C74 2011
w DEWEY
c 1
i FT02753
l CCODEBUT1
m BUT
p {dolar}18.00
r 0
s Y
t BOOK
u 2015-9-21
x SALUD
-- P33
0 COMPRA
o .STAFF. Coleccion General Tarapoto
949 ## - PROCESAMIENTO DE INFORMACIÓN LOCAL (OCLC)
a RC 150.3 C73
w DEWEY
c 1
i 63585
d 2018-4-3
e 2016-6-19
f 2018-2-9
g 2
l CCODEBUL1
m BUL
n 2
p 34.00
q 4
r 1
s Y
t BOOK
u 2011-9-5
x SALUD
0 COMPRA
o .CIRCNOTE. No olvidar cambiar la fecha de devolución!!!!!!!
-- .STAFF. Colección Ciencias de la Salud
949 ## - PROCESAMIENTO DE INFORMACIÓN LOCAL (OCLC)
a RC 150.3 C73
w DEWEY
c 2
i 71477
f 2018-2-9
g 2
l CCODEBUL1
m BUL
p 29.50
r 1
s Y
t BOOK
u 2015-6-7
x SALUD
-- P82
0 COMPRA
o .CIRCNOTE. No olvidar cambiar la fecha de devolución!!!!!!!
-- .STAFF. Colección Ciencias de la Salud
949 ## - PROCESAMIENTO DE INFORMACIÓN LOCAL (OCLC)
a RC 150.3 C73
w DEWEY
c 3
i 71478
d 2018-4-25
e 2017-10-9
f 2018-2-9
g 2
l CCODEBUL1
m BUL
n 4
p 29.50
q 3
r 1
s Y
t BOOK
u 2015-6-7
x SALUD
-- P82
0 COMPRA
o .CIRCNOTE. No olvidar cambiar la fecha de devolución!!!!!!!
-- .STAFF. Colección Ciencias de la Salud
994 ## -
-- C0
-- PEPRU
999 ## - NÚMEROS DE CONTROL DE SISTEMA (KOHA)
-- DEWEY
-- 63585
-- 2016-6-19
-- 2021-11-3
-- 5
-- CCODEBUL1
-- BUL
-- 2
-- 34.00
-- 6
-- 0
-- Y
-- BOOK
-- 2011-9-5
-- SALUD
-- P33
-- COMPRA
-- .CIRCNOTE. No olvidar cambiar la fecha de devolución!!!!!!!
-- .STAFF. Colección Ciencias de la Salud
999 ## - NÚMEROS DE CONTROL DE SISTEMA (KOHA)
-- DEWEY
-- 71477
-- 2021-11-3
-- 5
-- CCODEBUL1
-- BUL
-- 29.50
-- 0
-- Y
-- BOOK
-- 2015-6-7
-- SALUD
-- P33
-- COMPRA
-- .CIRCNOTE. No olvidar cambiar la fecha de devolución!!!!!!!
-- .STAFF. Colección Ciencias de la Salud
999 ## - NÚMEROS DE CONTROL DE SISTEMA (KOHA)
-- DEWEY
-- 71478
-- 2017-10-9
-- 2021-11-3
-- 5
-- CCODEBUL1
-- BUL
-- 4
-- 29.50
-- 5
-- 0
-- Y
-- BOOK
-- 2015-6-7
-- SALUD
-- P33
-- COMPRA
-- .CIRCNOTE. No olvidar cambiar la fecha de devolución!!!!!!!
-- .STAFF. Colección Ciencias de la Salud
999 ## - NÚMEROS DE CONTROL DE SISTEMA (KOHA)
-- DEWEY
-- FT02753
-- 2019-2-20
-- 2
-- CCODEBUT1
-- BUT
-- 18.00
-- 1
-- Y
-- BOOK
-- 2015-9-21
-- SALUD
-- P33
-- COMPRA
-- .STAFF. Coleccion General Tarapoto
980 ## - EQUIVALENCIA O REFERENCIA-CRUZADA-MENCIÓN DE SERIE--NOMBRE DE PERSONA/TÍTULO [LOCAL, CANADÁ]
ID del último usuario que modificó el registro 1
Nombre del último usuario que modificó el registro ALBERTO SANCHEZ Responsable de Automatización
Existencias
Visto por última vez Número de inventario Total de préstamos Signatura topográfica completa Código de barras Fecha del último préstamo Copia número Coste, precio de reemplazo Fecha de reemplazo Facultad Tipo de ítem Koha Estado de pérdida Fuente del sistema de clasificación o colocación Restricciones de uso No para préstamo Colección Programa académico Biblioteca de origen Biblioteca actual Ubicación en estantería Fecha de adquisición Fuente de adquisición Coste, precio normal de compra
2025-12-02 6 2 RC 150.3 C73 63585 2016-06-19 e1 39.00 2011-09-05 FSALUD Libros de referencia No Perdido Clasificación Decimal Dewey No restringido No disponible para préstamos Colección Referencia Psicología Biblioteca CRAI UPeU Lima Biblioteca CRAI UPeU Lima Estante de Referencia 2011-09-05 COMPRA 34.00
2025-12-02 6 4 RC 150.3 C73 71477 2017-10-09 e2 34.50 2015-06-07 FSALUD Libros de referencia No Perdido Clasificación Decimal Dewey No restringido No disponible para préstamos Colección Referencia Psicología Biblioteca CRAI UPeU Lima Biblioteca CRAI UPeU Lima Estante de Referencia 2015-06-07 COMPRA 29.50
2025-12-02 6   RC 150.3 C73 71478   e3 34.50 2015-06-07 FSALUD Libros de referencia No Perdido Clasificación Decimal Dewey No restringido No disponible para préstamos Colección Referencia Psicología Biblioteca CRAI UPeU Lima Biblioteca CRAI UPeU Lima Estante de Referencia 2015-06-07 COMPRA 29.50